|
|
|
|
| LEADER |
02471nam a22004455i 4500 |
| 001 |
978-0-387-34946-6 |
| 003 |
DE-He213 |
| 005 |
20151204164026.0 |
| 007 |
cr nn 008mamaa |
| 008 |
100301s2006 xxu| s |||| 0|eng d |
| 020 |
|
|
|a 9780387349466
|9 978-0-387-34946-6
|
| 024 |
7 |
|
|a 10.1007/0-387-34946-4
|2 doi
|
| 040 |
|
|
|d GrThAP
|
| 050 |
|
4 |
|a R895-920
|
| 072 |
|
7 |
|a MMN
|2 bicssc
|
| 072 |
|
7 |
|a MED080000
|2 bisacsh
|
| 082 |
0 |
4 |
|a 616.07548
|2 23
|
| 100 |
1 |
|
|a Cherry, Simon R.
|e author.
|
| 245 |
1 |
0 |
|a PET
|h [electronic resource] :
|b Physics, Instrumentation, and Scanners /
|c by Simon R. Cherry, Magnus Dahlbom ; edited by Michael E. Phelps.
|
| 264 |
|
1 |
|a New York, NY :
|b Springer New York,
|c 2006.
|
| 300 |
|
|
|a VI, 130 p. 77 illus., 4 illus. in color.
|b online resource.
|
| 336 |
|
|
|a text
|b txt
|2 rdacontent
|
| 337 |
|
|
|a computer
|b c
|2 rdamedia
|
| 338 |
|
|
|a online resource
|b cr
|2 rdacarrier
|
| 347 |
|
|
|a text file
|b PDF
|2 rda
|
| 520 |
|
|
|a Derived from the critically acclaimed reference PET: Molecular Imaging and Its Biological Applications, edited by Michael E. Phelps, Ph.D., this handbook provides a clear and concise introduction to the physics and instrumentation aspects of PET imaging. Comprised of select material from the parent volume, this book is gives the reader a solid understanding of PET fundamentals, including how PET data are collected and formed into an image. Other topics include basic physics, detector technology used in modern PET scanners, data acquisition, 3-D reconstruction, and methods for evaluating the performance of PET systems. A variety of modern PET imaging systems is discussed, ranging from those designed for clinical services and research to those used in small-animal imaging. As the importance of PET imaging in nuclear medicine and radiology grows, the need for a reliable resource increases. PET: Physics, Instrumentation, and Scanners is a handy guide to this important field.
|
| 650 |
|
0 |
|a Medicine.
|
| 650 |
|
0 |
|a Radiology.
|
| 650 |
|
0 |
|a Nuclear medicine.
|
| 650 |
1 |
4 |
|a Medicine & Public Health.
|
| 650 |
2 |
4 |
|a Nuclear Medicine.
|
| 650 |
2 |
4 |
|a Imaging / Radiology.
|
| 700 |
1 |
|
|a Dahlbom, Magnus.
|e author.
|
| 700 |
1 |
|
|a Phelps, Michael E.
|e editor.
|
| 710 |
2 |
|
|a SpringerLink (Online service)
|
| 773 |
0 |
|
|t Springer eBooks
|
| 776 |
0 |
8 |
|i Printed edition:
|z 9780387323022
|
| 856 |
4 |
0 |
|u http://dx.doi.org/10.1007/0-387-34946-4
|z Full Text via HEAL-Link
|
| 912 |
|
|
|a ZDB-2-SME
|
| 950 |
|
|
|a Medicine (Springer-11650)
|